000 01224nam a2200337 a 4500
001 000114991
003 CHAP
005 20220329144507.0
008 180824s2018 mx |sm |||||||spa d
010 _a111452
011 _a112424
040 _cCHAP
090 _aTesis
100 1 _aCarranza González, Salvador.
_9135399
245 1 0 _aEstabilidad de rendimiento de grano de variedades de avena en ambientes de temporal en los Valles Altos de México
_h[En línea]
_cpor Salvador Carranza González.
260 _aChapingo, Méx. :
_bEl autor,
_c2018.
500 _aPara ver el contenido del material haga clic en la liga
502 _aTesis (Ing. Agr. Esp. en Fitotecnia) -- UACH. Departamento de Fitotecnia
590 _aBATCH-UPD
_b05
_c20180824
_lUCH01
_h1428
590 _aBATCH
_b00
_c20181121
_lUCH01
_h0759
590 _aE5765TAJ
_b05
_c20180824
_lUCH01
_h1427
590 _aE5765TAJ
_b05
_c20180827
_lUCH01
_h0748
650 1 4 _aAvena
_xEfecto del medio ambiente.
_98516
650 1 4 _aAvena
_xGenética.
_98521
650 1 4 _aAvena
_xRendimiento.
_98539
856 _a1
_n0001299
856 _aFinding aid
_uhttp://10.13.5.2/tesis/sist114991.pdf
_zTeclea aquí
901 _aBK
942 _cTESIS
942 _n0
999 _c111452
_d111452